000 00589cam a2200241 4500
008 090401t1996 xxu||||| |||| 00| 0 eng d
020 _a0632040041
035 _a(Sirsi) u53610
041 _aeng
050 _a624.154
100 _aBullivant, Roger A.
245 _aUnderpinning: a practical guide.
260 _aOxford
_bBlackwell Science
_c1996
300 _axii,178p. : ill. ; 25cm.
350 _a35
650 _aGROUTING
650 _aPILING
650 _aUNDERPINNING
690 _aBUILT ENVIRONMENT
700 _aBradley, H.W.
942 _n0
948 _c04/03/1997
999 _c93308
_d93308